Satirisch-elegisch-heroisches Erzählen von ‘Deß gwesten Pfaltzgrafen Glück vnd Unglück’: Die "Querela Sufredi missa Vinoni" (1621) als Reflex auf die Niederlage des ‘Winterkönigs’
| Titel: | Satirisch-elegisch-heroisches Erzählen von ‘Deß gwesten Pfaltzgrafen Glück vnd Unglück’: Die "Querela Sufredi missa Vinoni" (1621) als Reflex auf die Niederlage des ‘Winterkönigs’ / Robert Seidel |
|---|---|
| Verfasser: | |
| In: |
Daphnis, Band 47, Heft 1-2 (2019), Seite 193-210 alle Artikel anzeigen |
| Veröffentlicht: | 2019 |
| Umfang: | 4 Illustrationen |
| Format: | Aufsatz |
| Sprache: | Deutsch |
X
alg: 52221099
001A $03025:14-10-24
001B $01999:14-10-24 $t22:47:05.000
001D $03025:14-10-24
001U $0utf8
001X $00
002@ $0Oou
002C $aText $btxt $2rdacontent
002D $aComputermedien $bc $2rdamedia
002E $aOnline-Ressource $bcr $2rdacarrier
003@ $0522210996
007A $0522210996 $aHEB
009Q $uhttps://doi.org/10.1163/18796583-04701001 $xVolltext
010@ $ager
010E $erda
011@ $a2019
021A $aSatirisch-elegisch-heroisches Erzählen von ‘Deß gwesten Pfaltzgrafen Glück vnd Unglück’: Die "Querela Sufredi missa Vinoni" (1621) als Reflex auf die Niederlage des ‘Winterkönigs’ $hRobert Seidel
028A $BVerfasser $4aut $7141289457 $8Seidel, Robert$Z1962- [Tp3] $9223347183
031A $d47 $e1-2 $h193-210 $j2019
034M $a4 Illustrationen
039B $aEnthalten in $8--Obvc--. Daphnis. - Leiden {[u.a.] : Brill Rodopi, 1978-. - Online-Ressource. - ISSN 1879-6583 $x201900000470001807 $9079276997
044K $RFriedrich $RElisabeth $RKarl Ludwig $RFriedrich Heinrich $RRuprecht $RMoritz $RPfalz, Henriette Maria $REduard $RPfalz, Philipp $#Friedrich $#Frédéric V. $#Frederick V. $#Friderich $#Friedrich $#Friedrich I. $#Friedrich $#Friderich I. $#Friedrich $#Friderich $#Friedrich $#Friderich $#Friederich V. $#Fridericus $#Fridericus $#Fredericus $#Fridericus $#Fridericus V. $#Fredericus $#Fridericus V. $#Constantinus $#Fredericke $#Friedrich V. $#Fridrich I. $#Friedrich $#Fridericus $#Friderich $#Friderich $#Friedrich $#Friderich $#Friedrich $7118693522 $8$PFriedrich$nV.$lPfalz, Kurfürst$Z1596-1632 [Tp1] $9087034344
044K $#Balde, Jacob $#Balde, Johann J. $#Balde, Jakobus $#Balde, I. $#Baldaeus, Jacobus $#Balde, Jacobi $#Balde, Jacobo $#Balde, Jacobus $#Balde, Joannes Jacobus $#Balde, Johann Jacob $#Balde, Johann Jakob $#Balde, Johannes Jacobus $#Balde, Joh. Jacob $#Baldesius, Jacobus $#Baldesius, Johannes Jacobus $#Balde, Iacobus $#Baldes, Jacobus $#Baldes, Jakob $#Balde, Iacobvs $7118506137 $8Balde, Jakob$Z1604-1668 [Tp1] $9086847260
044K $RSatiriker $#Satire $#Satire $#Satire $#Satiren $74051752-4 $8Satire [Ts1] $9085144959
044K $RLyrik $RKlagelied $#Elegiac poetry $#Élégies $#Elegie $#Poesías elegíacas $74151713-1 $8Elegie [Ts1] $9085629928
045F $a809 $eDDC23BSB
045F/01 $a809
045F/03 $f09032
045F/03 $g43
045R $aGeschichte 1621
045T $a7,20
045T $aAVL $qDE-30 $2FID
045T $aGER $qDE-30 $2FID
lok: 52221099 78
exp: 52221099 78 1 #EPN
201B/01 $014-10-24 $t15:07:54.000
201C/01 $014-10-24
201U/01 $0utf8
203@/01 $01277958378
208@/01 $a14-10-24 $be
209A/01 $a/ $f000 $x00
209A/01 $ab*p $x01
209A/01 $aEnglische Zusammenfassung, S. 193: Satiric-elegiac-heroic Storytelling about ‘the Fortunes and Misfortunes of the late Count Palatine’. The Querela Sufredi missa Vinomi (1621) as a Reflex to the Defeat of the ‘Winter King’ $x03
220C/01 $apgar
244Z/01 $#Böhmische Kronländer $#Länder der Böhmischen Krone $#Sudetenland $#Böhmen $#Mähren $#Mährisch-Schlesien $#Österreichisch-Schlesien $#Tschechische Sozialistische Republik Böhmische Länder $#Tschechei Böhmische Länder $#Země koruny české $74069573-6 $8--Tg1--Böhmische Länder $x03 $9085195553
247C/01 $82080>Marburg/Lahn, Herder-Institut, Forschungsbibliothek, Bibliographieportal $9336309341
| LEADER | 00000caa a2200000 c 4500 | ||
|---|---|---|---|
| 001 | 522210996 | ||
| 003 | DE-603 | ||
| 005 | 20241014224705.0 | ||
| 007 | cr|||||||||||| | ||
| 008 | 241014s2019 xx |||| o| u00||u|ger c | ||
| 035 | |a (DE-599)HEB522210996 | ||
| 040 | |a DE-603 |b ger |c DE-603 |d DE-603 |e rda | ||
| 041 | |a ger | ||
| 082 | 0 | 4 | |8 1\u |a 809 |q DE-101 |2 23/BSB |
| 084 | |a 7,20 |2 ssgn | ||
| 084 | |a AVL |q DE-30 |2 fid | ||
| 084 | |a GER |q DE-30 |2 fid | ||
| 085 | |8 1\u |b 809 | ||
| 085 | |8 1\u |z 1 |s 09032 | ||
| 085 | |8 1\u |z 2 |s 43 | ||
| 100 | 1 | |a Seidel, Robert |d 1962- |e Verfasser |4 aut |0 (DE-603)223347183 |0 (DE-588)141289457 |2 gnd | |
| 245 | 0 | 0 | |a Satirisch-elegisch-heroisches Erzählen von ‘Deß gwesten Pfaltzgrafen Glück vnd Unglück’: Die "Querela Sufredi missa Vinoni" (1621) als Reflex auf die Niederlage des ‘Winterkönigs’ |c Robert Seidel |
| 264 | 0 | |c 2019 | |
| 300 | |b 4 Illustrationen | ||
| 336 | |a Text |b txt |2 rdacontent | ||
| 337 | |a Computermedien |b c |2 rdamedia | ||
| 338 | |a Online-Ressource |b cr |2 rdacarrier | ||
| 600 | 0 | 7 | |a Friedrich |b V. |c Pfalz, Kurfürst |d 1596-1632 |0 (DE-588)118693522 |0 (DE-603)087034344 |2 gnd |
| 600 | 1 | 7 | |a Balde, Jakob |d 1604-1668 |0 (DE-588)118506137 |0 (DE-603)086847260 |2 gnd |
| 648 | 7 | |a Geschichte 1621 |2 gnd | |
| 650 | 7 | |a Satire |0 (DE-588)4051752-4 |0 (DE-603)085144959 |2 gnd | |
| 650 | 7 | |a Elegie |0 (DE-588)4151713-1 |0 (DE-603)085629928 |2 gnd | |
| 773 | 0 | 8 | |i Enthalten in |t Daphnis |d Leiden [u.a.] : Brill Rodopi, 1978- |h Online-Ressource |x 1879-6583 |g Band 47, Heft 1-2 (2019), Seite 193-210 |w (DE-603)079276997 |w (DE-600)1481780-9 |
| 856 | |u https://doi.org/10.1163/18796583-04701001 | ||
| 924 | 1 | |9 2080 |a (DE-603)1277958378 |b DE-2080 |c HES |d d |g / | |


